[Event "21st Panam-ch"]
[Site "Mar del Plata ARG"]
[Date "2012.10.21"]
[Round "11.16"]
[White "Espinoza Palomino, Willyam"]
[Black "Molina, Roberto Junio Brito"]
[Result "0-1"]
[WhiteElo "2265"]
[BlackElo "2400"]
[EventDate "2012.10.12"]
[PlyCount "93"]

1.e4 c6 2.d4 d5 3.Nc3 dxe4 4.Nxe4 Nd7 5.Ng5 Ngf6 6.Bd3 e6 7.N1f3 Bd6 8.Qe2
h6 9.Ne4 Nxe4 10.Qxe4 Qc7 11.O-O b6 12.Qg4 Kf8 13.b3 Bb7 14.Bb2 Nf6 15.Qh4
Nd5 16.Rfe1 Nf4 17.Rad1 g5 18.Nxg5 Be7 19.Re5 Ke8 20.Qxf4 hxg5 21.Qe3 Kd7 
22.d5 cxd5 23.Bb5+ Kc8 24.g3 Rd8 25.Bd4 g4 26.Rd3 Kb8 27.Rc3 Qd6 28.Qf4 
Rf8 29.Qxg4 a6 30.Bf1 Bc8 31.Re2 f6 32.Qf4 e5 33.Rxc8+ Kxc8 34.Qf5+ Kb7 
35.Bg2 Kc7 36.Bb2 Rad8 37.Rd2 d4 38.h4 Qc6 39.h5 Bb4 40.Re2 Qd7 41.Be4 
Qxf5 42.Bxf5 Rh8 43.g4 Rdg8 44.Be6 Rg5 45.Bc1 Rhg8 46.Bxg5 Rxg5 47.Kg2 0-1

[Event "21st Panam-ch"]
[Site "Mar del Plata ARG"]
[Date "2012.10.21"]
[Round "11.17"]
[White "Zuluaga Mancilla, Cesar"]
[Black "Paveto, Kevin"]
[Result "0-1"]
[WhiteElo "2394"]
[BlackElo "2282"]
[EventDate "2012.10.12"]
[PlyCount "152"]

1.d4 Nf6 2.Nf3 g6 3.c4 Bg7 4.Nc3 d5 5.Bf4 O-O 6.e3 c5 7.dxc5 Qa5 8.Rc1 
dxc4 9.Bxc4 Qxc5 10.Bb3 Nc6 11.O-O Qa5 12.h3 h6 13.Bh2 e5 14.Qe2 Nd7 15.
Rfd1 Kh7 16.Rd5 Qb4 17.Rcd1 Nb6 18.Rb5 Qe7 19.a4 Be6 20.Bxe6 Qxe6 21.b3 e4
22.Nd4 Nxd4 23.exd4 Rac8 24.d5 Qe7 25.Qxe4 Qf6 26.Ne2 Rfe8 27.Qd3 a6 28.
Rxb6 Qxb6 29.d6 Rcd8 30.Bg3 Re6 31.Kh1 Rd7 32.Ng1 Be5 33.Bxe5 Rxe5 34.Nf3 
Re6 35.Qc4 Rdxd6 36.Rf1 Qd8 37.Qf4 Kg7 38.Qb4 Rd1 39.Qc3+ Kg8 40.Rxd1 
Qxd1+ 41.Kh2 Rc6 42.Qe3 Qd6+ 43.g3 Rc2 44.Nd4 Rc7 45.Nf3 Qc5 46.Qe2 Qd5 
47.Qe3 Kg7 48.h4 Qe6 49.Qf4 Rd7 50.Ne5 Rd5 51.Ng4 g5 52.hxg5 Rxg5 53.Ne3 
Rh5+ 54.Kg1 Qh3 55.Qd4+ f6 56.Qe4 Qh2+ 57.Kf1 Qh1+ 58.Qxh1 Rxh1+ 59.Ke2 
Rb1 60.Nf5+ Kg6 61.Nd4 h5 62.a5 Ra1 63.b4 Rb1 64.Nc2 Rb2 65.Kd3 Kg5 66.Kc3
Rb1 67.Ne3 f5 68.Nc4 f4 69.Nd6 fxg3 70.fxg3 Kg4 71.Ne4 Re1 72.Nf6+ Kg5 73.
Nd5 Rg1 74.Kc4 Rxg3 75.Kc5 h4 76.Kb6 h3 0-1

[Event "21st Panam-ch"]
[Site "Mar del Plata ARG"]
[Date "2012.10.21"]
[Round "11.18"]
[White "Sabas, Jorge"]
[Black "Krysa, Leandro"]
[Result "0-1"]
[WhiteElo "2274"]
[BlackElo "2381"]
[EventDate "2012.10.12"]
[PlyCount "126"]

1.d4 Nf6 2.c4 g6 3.Nc3 d5 4.Nf3 Bg7 5.Bg5 Ne4 6.cxd5 Nxg5 7.Nxg5 e6 8.Qd2 
h6 9.Nf3 exd5 10.g3 O-O 11.Bg2 c6 12.O-O Re8 13.b4 Qd6 14.b5 Nd7 15.e3 Nb6
16.Rfc1 Nc4 17.Qe1 Bg4 18.h3 Bf5 19.g4 Bd7 20.bxc6 bxc6 21.Nd2 Nxd2 22.
Qxd2 f5 23.gxf5 Bxf5 24.Ne2 g5 25.Qa5 Bd7 26.Ng3 Kf8 27.Qd2 Kf7 28.Qe1 Rf8
29.Rc2 Bf6 30.Rac1 Bd8 31.e4 dxe4 32.Nxe4 Qf4 33.Qd2 Qh4 34.Qd3 Bb6 35.Rd2
Qf4 36.Qg3 Bc7 37.Rcc2 Qxd2 38.Rxd2 Bxg3 39.fxg3 Be6 40.Nc3 Rac8 41.Re2 
Bc4 42.Re5 Rcd8 43.Rc5 Rxd4 44.Rxc6 Kg7 45.Rc5 Bxa2 46.Nxa2 Rd1+ 47.Kh2 
Rd2 48.Kg1 Rxa2 49.Bd5 Ra1+ 50.Kg2 Rf6 51.h4 g4 52.Rc4 h5 53.Rc7+ Kf8 54.
Rh7 Rf5 55.Be6 Re5 56.Bc4 a5 57.Kf2 a4 58.Ra7 a3 59.Rf7+ Ke8 60.Ra7 Kd8 
61.Bg8 Kc8 62.Bc4 Kb8 63.Ra6 Kb7 0-1

[Event "21st Panam-ch"]
[Site "Mar del Plata ARG"]
[Date "2012.10.21"]
[Round "11.20"]
[White "Caceres Recalde, Fernando"]
[Black "Julia, Ernesto"]
[Result "1-0"]
[WhiteElo "2159"]
[BlackElo "2370"]
[EventDate "2012.10.12"]
[PlyCount "81"]

1.e4 c5 2.Nc3 e6 3.Nf3 a6 4.g3 d6 5.Bg2 Nc6 6.O-O Nf6 7.d3 Be7 8.Nd2 Qc7 
9.f4 b6 10.a4 Bb7 11.f5 exf5 12.Rxf5 Nb4 13.Nc4 O-O 14.Bg5 Rae8 15.Bxf6 
Bxf6 16.Rxf6 gxf6 17.Qg4+ Kh8 18.Rf1 Qd8 19.Qf4 Re6 20.Bh3 d5 21.Bf5 Rg8 
22.Bxe6 dxc4 23.Bxc4 Qd4+ 24.Rf2 Nxc2 25.Qxf6+ Qxf6 26.Rxf6 Ne3 27.Rxb6 
Bc8 28.Rb8 a5 29.Rb5 Rf8 30.Nd5 Nxc4 31.dxc4 Ba6 32.Rxc5 Rb8 33.Nc7 Bc8 
34.Rxa5 Rb7 35.Nd5 Bh3 36.Rb5 Ra7 37.a5 Kg7 38.b4 Ra8 39.Rb7 Kf8 40.Kf2 
Re8 41.a6 1-0

[Event "21st Panam-ch"]
[Site "Mar del Plata ARG"]
[Date "2012.10.21"]
[Round "11.21"]
[White "Martinez Romero, Martin"]
[Black "Viana, Dirceu"]
[Result "1-0"]
[WhiteElo "2368"]
[BlackElo "2275"]
[EventDate "2012.10.12"]
[PlyCount "61"]

1.c4 e5 2.Nc3 Nc6 3.g3 d6 4.Bg2 Be6 5.d3 Qd7 6.Rb1 g6 7.b4 Bg7 8.b5 Nd8 9.
e4 f5 10.f3 Nf6 11.Nge2 O-O 12.O-O fxe4 13.fxe4 b6 14.Nd5 Nb7 15.Nxf6+ 
Rxf6 16.Rxf6 Bxf6 17.Be3 Bg4 18.Qd2 a6 19.bxa6 Rxa6 20.Nc3 Ra8 21.Nd5 Rf8 
22.Rf1 Bd8 23.Rxf8+ Kxf8 24.h4 Qf7 25.Kh2 Nc5 26.Bh6+ Kg8 27.Bg5 Bxg5 28.
Qxg5 Be6 29.Qd8+ Kg7 30.Nxc7 Nxd3 31.Ne8+ 1-0

[Event "21st Panam-ch"]
[Site "Mar del Plata ARG"]
[Date "2012.10.21"]
[Round "11.22"]
[White "Santiago, Yago de Moura"]
[Black "Feliciano Ebert, Vanessa"]
[Result "1-0"]
[WhiteElo "2364"]
[BlackElo "2268"]
[EventDate "2012.10.12"]
[PlyCount "65"]

1.e4 d6 2.d4 Nf6 3.Nc3 g6 4.Bg5 Bg7 5.f4 h6 6.Bh4 c5 7.e5 Nh5 8.dxc5 Nxf4 
9.exd6 g5 10.Bf2 Bxc3+ 11.bxc3 Nc6 12.g3 Ng6 13.Bg2 O-O 14.Ne2 Bg4 15.h3 
Bxe2 16.Qxe2 exd6 17.O-O dxc5 18.Bxc5 Re8 19.Qf2 Qc7 20.Rad1 Nce5 21.Bd6 
Qb6 22.Qxb6 axb6 23.Bd5 Kg7 24.Rb1 Ra5 25.c4 Rxa2 26.Rxb6 Rd8 27.c5 Ra7 
28.Rxb7 Rxb7 29.Bxb7 f6 30.Bxe5 fxe5 31.c6 Ne7 32.c7 Re8 33.Rd1 1-0

[Event "21st Panam-ch"]
[Site "Mar del Plata ARG"]
[Date "2012.10.21"]
[Round "11.23"]
[White "Cori Tello, Deysi"]
[Black "Zuriel, Marisa"]
[Result "1-0"]
[WhiteElo "2411"]
[BlackElo "2217"]
[EventDate "2012.10.12"]
[PlyCount "55"]

1.d4 Nf6 2.Nf3 e6 3.e3 c5 4.Bd3 b6 5.O-O Bb7 6.c4 Be7 7.Nc3 O-O 8.d5 exd5 
9.cxd5 d6 10.e4 Nbd7 11.h3 a6 12.a4 Re8 13.Bf4 Bf8 14.Re1 Qc7 15.Nd2 Rab8 
16.Bf1 Ne5 17.Bh2 g5 18.Bxe5 dxe5 19.Qf3 Kg7 20.Nc4 Bd6 21.Ne3 Ng8 22.Nf5+
Kh8 23.Nd1 f6 24.Nde3 Rbd8 25.h4 h6 26.Rac1 a5 27.Qh5 Qh7 28.Nxd6 1-0

[Event "21st Panam-ch"]
[Site "Mar del Plata ARG"]
[Date "2012.10.21"]
[Round "11.24"]
[White "Tobares, Leandro"]
[Black "Mahia, Gustavo"]
[Result "1-0"]
[WhiteElo "2261"]
[BlackElo "2409"]
[EventDate "2012.10.12"]
[PlyCount "119"]

1.g3 e5 2.Bg2 d5 3.d3 Nc6 4.Nf3 f6 5.O-O Be6 6.Nbd2 Qd7 7.c4 Nge7 8.cxd5 
Nxd5 9.Nb3 O-O-O 10.Bd2 Bh3 11.Bxh3 Qxh3 12.Rc1 Qe6 13.Qc2 Bd6 14.e4 Ndb4 
15.Bxb4 Nxb4 16.Qb1 h5 17.Rc3 h4 18.a3 Nc6 19.Rxc6 Qxb3 20.Rc4 hxg3 21.
fxg3 c6 22.Rfc1 Bc7 23.R1c3 Qb6+ 24.Kg2 Qe3 25.Qg1 Qxg1+ 26.Kxg1 Bb6+ 27.
Kf1 Kd7 28.b4 Ke6 29.Ke2 Rd7 30.a4 a6 31.Rb3 Ra8 32.Rc2 g6 33.Rb1 Rad8 34.
Rb3 f5 35.Nd2 Rh8 36.Nf3 Kf6 37.h4 Rhd8 38.Rc1 Rd6 39.Rf1 Rf8 40.Nd2 Bd8 
41.exf5 Kg7 42.Ne4 Rd5 43.g4 Bxh4 44.Nc5 Rf7 45.Ne6+ Kg8 46.b5 cxb5 47.
axb5 Rxb5 48.Rc3 gxf5 49.gxf5 Rb4 50.Ke3 Bf6 51.Rg1+ Kh7 52.Rc8 Rh4 53.Rg3
a5 54.Rf8 Rxf8 55.Nxf8+ Kh6 56.Rg6+ Kh5 57.Rxf6 Kg5 58.Rf7 Rb4 59.Nd7 a4 
60.f6 1-0

[Event "21st Panam-ch"]
[Site "Mar del Plata ARG"]
[Date "2012.10.21"]
[Round "11.25"]
[White "Contreras Rodriguez, Henry"]
[Black "Rosito, Jorge"]
[Result "0-1"]
[WhiteElo "2220"]
[BlackElo "2387"]
[EventDate "2012.10.12"]
[PlyCount "86"]

1.e4 c5 2.Nf3 e6 3.d4 cxd4 4.Nxd4 Nf6 5.Nc3 Nc6 6.Ndb5 Bb4 7.a3 Bxc3+ 8.
Nxc3 d5 9.Bd3 d4 10.Ne2 e5 11.O-O O-O 12.b4 a6 13.c3 dxc3 14.Nxc3 Bg4 15.
Ne2 Nxe4 16.Bxe4 Qxd1 17.Rxd1 Bxe2 18.Re1 Bb5 19.Bb2 Rac8 20.Rec1 Ba4 21.
f3 f6 22.Kf2 Rfd8 23.Ke3 Rc7 24.g4 Rcd7 25.h4 Ne7 26.g5 f5 27.Bb1 f4+ 28.
Ke4 Rd2 29.Bxe5 Re2+ 30.Kxf4 Nd5+ 31.Kg3 Rxe5 32.Be4 Bc6 33.Rc5 Ree8 34.
Re1 Nb6 35.Kf2 Bxe4 36.Rxe4 Rxe4 37.fxe4 Kf7 38.a4 Rc8 39.Rf5+ Ke6 40.a5 
Nd7 41.Ke3 Ne5 42.Rf1 Rc3+ 43.Kd4 Rd3+ 0-1

[Event "21st Panam-ch"]
[Site "Mar del Plata ARG"]
[Date "2012.10.21"]
[Round "11.26"]
[White "Caceres Vasquez, Sergio"]
[Black "Kanefsck, Gustavo"]
[Result "1/2-1/2"]
[WhiteElo "2213"]
[BlackElo "2358"]
[EventDate "2012.10.12"]
[PlyCount "22"]

1.d4 d5 2.c4 c6 3.Nf3 Nf6 4.Qc2 dxc4 5.Qxc4 Bf5 6.g3 e6 7.Bg2 Be7 8.O-O 
O-O 9.Nc3 Nbd7 10.Re1 Ne4 11.Bf4 Rc8 1/2-1/2

[Event "21st Panam-ch"]
[Site "Mar del Plata ARG"]
[Date "2012.10.21"]
[Round "11.27"]
[White "Fabian, Gaston"]
[Black "Gascon Del Nogal, Jose Rafael"]
[Result "1-0"]
[WhiteElo "2344"]
[BlackElo "2206"]
[EventDate "2012.10.12"]
[PlyCount "51"]

1.d4 d5 2.c4 c6 3.Nc3 Nf6 4.cxd5 cxd5 5.Bf4 a6 6.e3 Nc6 7.Rc1 Bg4 8.Nf3 e6
9.Qb3 Bd6 10.Qxb7 Na5 11.Qxa8 Qxa8 12.Bxd6 Nc4 13.Bxc4 dxc4 14.O-O Ne4 15.
Ba3 f6 16.Na4 Qc6 17.b3 c3 18.Nh4 Bh3 19.gxh3 Ng5 20.f3 Nxh3+ 21.Kg2 g5 
22.Kxh3 gxh4 23.Nxc3 Kd8 24.Ne4 Qb5 25.Nd6 Qa5 26.Nb7+ 1-0

[Event "21st Panam-ch"]
[Site "Mar del Plata ARG"]
[Date "2012.10.21"]
[Round "11.28"]
[White "Tokman, Ariel"]
[Black "Paniagua Chnelik, Sebastian"]
[Result "1-0"]
[WhiteElo "2283"]
[BlackElo "2204"]
[EventDate "2012.10.12"]
[PlyCount "119"]

1.c4 e5 2.g3 Nf6 3.Bg2 c6 4.Nf3 e4 5.Nd4 Qb6 6.e3 d5 7.cxd5 cxd5 8.d3 Bb4+
9.Nc3 Nc6 10.Ne2 Ne5 11.dxe4 dxe4 12.O-O Bxc3 13.Nxc3 O-O 14.Qd4 Nf3+ 15.
Bxf3 exf3 16.Qxb6 axb6 17.e4 Re8 18.Re1 Bf5 19.e5 Nd7 20.Bf4 h6 21.h4 f6 
22.exf6 Nxf6 23.Be5 Ng4 24.Bd4 b5 25.Nxb5 Rxe1+ 26.Rxe1 Rxa2 27.Nd6 Bd3 
28.Nxb7 Ra6 29.Nc5 Rd6 30.Bc3 Be2 31.Nb3 g5 32.h5 Bc4 33.Nd4 Bd5 34.Nf5 
Rd7 35.Ra1 Be6 36.Nd4 Bd5 37.Rd1 Bb7 38.Rd2 Re7 39.Rd3 Rf7 40.Ne6 Re7 41.
Nc5 Bc6 42.Rd4 Ne5 43.Rd6 Be8 44.Rxh6 Ng4 45.Rh8+ Kf7 46.Rh7+ Kf8 47.Rxe7 
Kxe7 48.Ne4 Bxh5 49.Nxg5 Nh6 50.Kf1 Kd6 51.Ke1 Kd5 52.Nh7 Bf7 53.Kd2 Nf5 
54.Nf6+ Ke6 55.g4 Nh4 56.Ke3 Bg6 57.Kf4 Ng2+ 58.Kxf3 Ne1+ 59.Bxe1 Kxf6 60.
Ke3 1-0

[Event "21st Panam-ch"]
[Site "Mar del Plata ARG"]
[Date "2012.10.21"]
[Round "11.29"]
[White "Pardo Agudelo, Alejandro"]
[Black "Gaitan, Juan Manuel"]
[Result "1-0"]
[WhiteElo "2181"]
[BlackElo "2266"]
[EventDate "2012.10.12"]
[PlyCount "77"]

1.d4 Nf6 2.Nf3 e6 3.e3 b6 4.Bd3 Bb7 5.Nbd2 c5 6.O-O Nc6 7.b3 Rc8 8.a3 d5 
9.Bb2 Be7 10.Ne5 O-O 11.f4 a6 12.Rf3 b5 13.Rh3 g6 14.dxc5 Bxc5 15.Ng4 Nxg4
16.Qxg4 f5 17.Qg3 d4 18.Nf3 Rc7 19.b4 Bb6 20.Kh1 dxe3 21.Ng5 Qe8 22.Nxh7 
Nd4 23.Nxf8 Qxf8 24.Qxe3 Qd6 25.Re1 Bd5 26.Qg3 Rg7 27.Qg5 Bd8 28.Qg3 Bf6 
29.Qf2 Kf7 30.Bf1 g5 31.Rh6 Rg6 32.Rxg6 Kxg6 33.fxg5 Kxg5 34.Rd1 Nc6 35.c4
bxc4 36.Bxc4 Bxb2 37.Qxb2 Ne7 38.Qg7+ Ng6 39.h4+ 1-0

[Event "21st Panam-ch"]
[Site "Mar del Plata ARG"]
[Date "2012.10.21"]
[Round "11.30"]
[White "Arcos Facio, Mateo"]
[Black "Santos, Haroldo Cunha dos"]
[Result "0-1"]
[WhiteElo "2174"]
[BlackElo "2263"]
[EventDate "2012.10.12"]
[PlyCount "60"]

1.e4 e5 2.Nf3 Nc6 3.d4 exd4 4.Bc4 d6 5.Nxd4 Be7 6.Be3 Nf6 7.f3 Ne5 8.Be2 
d5 9.Nf5 Bxf5 10.exf5 c5 11.Bb5+ Kf8 12.Be2 h5 13.O-O h4 14.c3 Qd7 15.Qc2 
Nc6 16.Na3 a6 17.Rad1 b5 18.g4 hxg3 19.hxg3 Bd6 20.g4 Re8 21.Bg5 Qe7 22.
Rf2 c4 23.Rxd5 Bc5 24.Bf1 Bb6 25.Qd2 Ne5 26.Kg2 Nexg4 27.Re2 Rh2+ 28.Kg3 
Rxe2 29.Bxe2 Qxe2 30.Qxe2 Rxe2 0-1

[Event "21st Panam-ch"]
[Site "Mar del Plata ARG"]
[Date "2012.10.21"]
[Round "11.31"]
[White "Toniutti, Ezio"]
[Black "Perez Gormaz, Matias"]
[Result "1/2-1/2"]
[WhiteElo "2162"]
[BlackElo "2261"]
[EventDate "2012.10.12"]
[PlyCount "78"]

1.d4 Nf6 2.c4 g6 3.g3 Bg7 4.Bg2 d5 5.Nf3 O-O 6.O-O dxc4 7.Na3 c6 8.Nxc4 
Be6 9.Nce5 Bd5 10.Bf4 Na6 11.Qd2 Ne4 12.Qc1 Nc7 13.Bh6 Ne6 14.Bxg7 Kxg7 
15.Rd1 Qa5 16.Qe3 Rad8 17.Nd3 Nd6 18.Nf4 Nc4 19.Nxe6+ Bxe6 20.Qc1 Nd6 21.
Ne5 Nf5 22.Qc3 Qxc3 23.bxc3 Nd6 24.Rdb1 Bd5 25.Bf1 f6 26.Nd3 b6 27.a4 Ne4 
28.Rc1 Nd2 29.Rc2 Nxf1 30.Kxf1 Be4 31.Rd2 c5 32.Nf4 Bf5 33.e4 Bc8 34.Re1 
g5 35.Nd5 cxd4 36.cxd4 Bb7 37.Nc7 Rd6 38.Rc1 Kf7 39.Rdc2 Rd7 {Ilegible} 
1/2-1/2

[Event "21st Panam-ch"]
[Site "Mar del Plata ARG"]
[Date "2012.10.21"]
[Round "11.32"]
[White "Barbosa, Evandro Amorim"]
[Black "Souza Neves, Andrey"]
[Result "1-0"]
[WhiteElo "2427"]
[BlackElo "2147"]
[EventDate "2012.10.12"]
[PlyCount "61"]

1.d4 Nf6 2.c4 e6 3.Nf3 c5 4.d5 b5 5.Bg5 exd5 6.cxd5 d6 7.e4 a6 8.a4 Be7 9.
Bxf6 Bxf6 10.axb5 Bxb2 11.Ra2 Bf6 12.bxa6 Bxa6 13.Bb5+ Bxb5 14.Rxa8 O-O 
15.Qb3 Ba6 16.Nbd2 Re8 17.e5 dxe5 18.Nc4 e4 19.Nfd2 e3 20.fxe3 Bh4+ 21.Kd1
Bxc4 22.Qxc4 Bf2 23.Qb5 Rf8 24.e4 Bd4 25.Kc2 f5 26.Rb1 Be5 27.Nf3 Bc7 28.
Qc4 fxe4 29.d6+ Kh8 30.dxc7 Qxc7 31.Qxe4 1-0

[Event "21st Panam-ch"]
[Site "Mar del Plata ARG"]
[Date "2012.10.21"]
[Round "11.33"]
[White "Assumpcao, Roberto"]
[Black "Real De Azua, Ernesto"]
[Result "1/2-1/2"]
[WhiteElo "2218"]
[BlackElo "2482"]
[EventDate "2012.10.12"]
[PlyCount "43"]

1.e4 c6 2.d4 d5 3.e5 Bf5 4.Nf3 e6 5.Be2 Nd7 6.Nbd2 Bg6 7.O-O Nh6 8.c4 Nf5 
9.cxd5 cxd5 10.Qa4 a6 11.Nb3 Be7 12.g4 Nh4 13.Nxh4 Bxh4 14.f4 Be4 15.Nc5 
b5 16.Qd1 Nxc5 17.dxc5 f6 18.Bd3 O-O 19.Be3 fxe5 20.fxe5 Rxf1+ 21.Qxf1 Bg5
22.Bd4 1/2-1/2

[Event "21st Panam-ch"]
[Site "Mar del Plata ARG"]
[Date "2012.10.21"]
[Round "11.34"]
[White "Diaz Hollemaert, Nahuel"]
[Black "Martinez De Negri, Gonzalo"]
[Result "1-0"]
[WhiteElo "2408"]
[BlackElo "2123"]
[EventDate "2012.10.12"]
[PlyCount "89"]

1.Nf3 Nf6 2.c4 g6 3.b4 Bg7 4.Bb2 O-O 5.g3 b6 6.Bg2 Bb7 7.O-O c5 8.a3 Na6 
9.Qb3 Rc8 10.d3 d6 11.Nc3 Qc7 12.e4 e6 13.Nd2 Rfd8 14.Bh3 Ra8 15.Rae1 Nd7 
16.f4 Nf8 17.f5 Bd4+ 18.Kh1 Bxc3 19.Qxc3 e5 20.Nf3 f6 21.fxg6 hxg6 22.b5 
Nb8 23.Nh4 Qg7 24.Rf2 Bc8 25.Bxc8 Rxc8 26.Qd2 Nbd7 27.Qe2 Re8 28.Qg4 Re7 
29.Ref1 Kf7 30.Bc1 Ke8 31.Ng2 Ne6 32.Ne3 Nc7 33.h4 Qh7 34.Rh2 Rg7 35.h5 
gxh5 36.Rxh5 Rxg4 37.Rxh7 Rg8 38.Nf5 Kd8 39.Kg2 Ne6 40.Nh6 Rg6 41.Nf5 Kc7 
42.Ne7 Rag8 43.Nxg8 Rxg8 44.Rxf6 Nf8 45.Rhf7 1-0

[Event "21st Panam-ch"]
[Site "Mar del Plata ARG"]
[Date "2012.10.21"]
[Round "11.36"]
[White "Della Morte, German"]
[Black "Ferreira, Kleber Victor"]
[Result "1-0"]
[WhiteElo "2346"]
[BlackElo "2121"]
[EventDate "2012.10.12"]
[PlyCount "111"]

1.e4 e5 2.Nf3 Nc6 3.Bc4 Bc5 4.b4 Bb6 5.a4 a6 6.Nc3 d6 7.Nd5 Nf6 8.Nxb6 
cxb6 9.d3 O-O 10.c3 Be6 11.Bxe6 fxe6 12.O-O d5 13.Qe2 Qc7 14.Ng5 Qd7 15.f4
h6 16.Nf3 exf4 17.e5 Ng4 18.h3 Ne3 19.Bxe3 fxe3 20.Qxe3 Qc7 21.Rae1 Rae8 
22.h4 Rf7 23.b5 Nd8 24.bxa6 bxa6 25.Rb1 Qxc3 26.Rxb6 Qa5 27.Rd6 Nb7 28.Qb6
Qxb6+ 29.Rxb6 Nc5 30.Rc1 Nxd3 31.Rcc6 a5 32.Rxe6 Rxe6 33.Rxe6 Rf4 34.Rd6 
Rxa4 35.Rxd5 Ra1+ 36.Kh2 Nf4 37.Rd8+ Kf7 38.Rd7+ Kf8 39.Nd4 Re1 40.g3 Nh5 
41.e6 Re4 42.Kg2 Nf6 43.Rd6 a4 44.Nf5 a3 45.Ra6 Re5 46.g4 Ne8 47.e7+ Kf7 
48.Rxa3 g6 49.Nxh6+ Kxe7 50.Ra7+ Ke6 51.Nf7 Re2+ 52.Kf3 Rd2 53.Ng5+ Kd5 
54.Ra5+ Kd4 55.Ne6+ Kd3 56.Nf4+ 1-0

[Event "21st Panam-ch"]
[Site "Mar del Plata ARG"]
[Date "2012.10.21"]
[Round "11.37"]
[White "Gemy, Jose Daniel"]
[Black "Vazquez Massaro, Maximiliano"]
[Result "1-0"]
[WhiteElo "2333"]
[BlackElo "2112"]
[EventDate "2012.10.12"]
[PlyCount "147"]

1.d4 Nf6 2.c4 e6 3.Nf3 Bb4+ 4.Nbd2 b6 5.a3 Bxd2+ 6.Bxd2 Bb7 7.Bg5 d6 8.e3 
h6 9.Bh4 Nbd7 10.Bxf6 Qxf6 11.Qa4 Ke7 12.Be2 c5 13.Rd1 Rhd8 14.O-O Kf8 15.
b4 cxb4 16.Qxb4 Qe7 17.Nd2 Nb8 18.a4 Nc6 19.Qb1 Kg8 20.Nb3 a5 21.Rd2 Nb4 
22.Nc1 d5 23.Na2 dxc4 24.Bxc4 Qg5 25.f4 Qe7 26.Rb2 Bd5 27.Nxb4 Bxc4 28.Nc6
Qa3 29.Re1 Rd6 30.Rxb6 Bd3 31.Qc1 Qxc1 32.Rxc1 Kh7 33.Rb3 Rc8 34.Rbc3 Be4 
35.Nxa5 Ra8 36.Nc4 Rda6 37.a5 Bd5 38.Nb6 R8a7 39.Nxd5 exd5 40.Rc5 Rxa5 41.
Rxa5 Rxa5 42.Rc5 Ra2 43.Rxd5 Kg6 44.Kf1 f6 45.Rd7 h5 46.e4 h4 47.h3 Rd2 
48.Rd6 Ra2 49.Re6 Rd2 50.d5 Kf7 51.f5 g6 52.fxg6+ Kxg6 53.d6 Kf7 54.Re7+ 
Kf8 55.Rh7 Rxd6 56.Rxh4 Rd2 57.Rf4 Ke7 58.Rf2 Rd4 59.Re2 Ke6 60.Kf2 Ke5 
61.Kf3 Ra4 62.h4 Ra3+ 63.Kg4 Ra4 64.Kf3 Ra3+ 65.Kg4 Ra4 66.h5 f5+ 67.Kg5 
fxe4 68.h6 Ra1 69.h7 Rh1 70.Kg6 Kd4 71.g4 Rh4 72.g5 Kd3 73.Re1 e3 74.Kg7 
1-0

[Event "21st Panam-ch"]
[Site "Mar del Plata ARG"]
[Date "2012.10.21"]
[Round "11.38"]
[White "Sanchez Sandoval, Gonzalo"]
[Black "Reis, Renan do Carmo"]
[Result "0-1"]
[WhiteElo "2029"]
[BlackElo "2306"]
[EventDate "2012.10.12"]
[PlyCount "62"]

1.e4 c5 2.Nf3 d6 3.d4 cxd4 4.Nxd4 Nf6 5.Nc3 a6 6.Bg5 Nbd7 7.f4 Qc7 8.Qf3 
h6 9.Bh4 g5 10.fxg5 hxg5 11.Bxg5 Qc5 12.Nf5 e6 13.Be3 Qb4 14.O-O-O exf5 
15.Qxf5 Rh5 16.Qf3 Be7 17.Nd5 Nxd5 18.a3 Qa4 19.Rd4 Qa5 20.exd5 Re5 21.Bd3
Nf6 22.Rf1 Bd7 23.Bd2 Qc5 24.Bc3 b5 25.Rh4 O-O-O 26.Bxe5 dxe5 27.d6 Qxd6 
28.Rh6 e4 29.Bxe4 Bg4 30.Bf5+ Kb8 31.Rxf6 Qd2+ 0-1

[Event "21st Panam-ch"]
[Site "Mar del Plata ARG"]
[Date "2012.10.21"]
[Round "11.39"]
[White "Nina Campos, Miguel Angel"]
[Black "Crespo, Eugenio"]
[Result "1/2-1/2"]
[WhiteElo "2298"]
[BlackElo "2076"]
[EventDate "2012.10.12"]
[PlyCount "130"]

1.d4 Nf6 2.c4 e6 3.Nf3 d5 4.cxd5 exd5 5.Nc3 c6 6.Bg5 Be7 7.e3 Bf5 8.Bd3 
Bxd3 9.Qxd3 Nbd7 10.O-O O-O 11.Rab1 a5 12.Rfe1 Ne4 13.Bxe7 Qxe7 14.a3 Nd6 
15.Nd2 Rfe8 16.Na4 b5 17.Nc5 a4 18.Qc3 Nxc5 19.dxc5 Ne4 20.Nxe4 Qxe4 21.
Red1 Re6 22.Rbc1 Rg6 23.g3 Qg4 24.Qd3 Re8 25.Qf1 Re5 26.Rd4 Qd7 27.Qg2 Qe7
28.Rc3 Rge6 29.Qf3 g6 30.Kg2 Kg7 31.Qd1 Re4 32.h3 Qf6 33.Rcd3 Qe7 34.Qc2 
Rxd4 35.Qc3 Re4 36.Rxd4 Qe5 37.Kf1 f6 38.h4 g5 39.hxg5 fxg5 40.g4 Kg6 41.
Qd3 Kf6 42.Ke2 Ke6 43.Kd2 Rxd4 44.Qxd4 Qh2 45.Ke1 Qh1+ 46.Ke2 Qe4 47.Kf1 
Qh1+ 48.Ke2 Qe4 49.Kf1 Qf3 50.Ke1 Qh1+ 51.Ke2 Qe4 52.Qh8 Qxg4+ 53.Kd2 Qh4 
54.Qf8 g4 55.Qd6+ Kf5 56.Ke2 Qf6 57.Qf4+ Ke6 58.Qxg4+ Ke7 59.Kf1 h6 60.Qc8
Kf7 61.Qd7+ Kg6 62.Qg4+ Kf7 63.Qd7+ Kg6 64.Qg4+ Kf7 65.Qd7+ Kg6 1/2-1/2

[Event "21st Panam-ch"]
[Site "Mar del Plata ARG"]
[Date "2012.10.21"]
[Round "11.40"]
[White "Cuevas, Alex"]
[Black "Sperb, Eduardo Quintana"]
[Result "1/2-1/2"]
[WhiteElo "2263"]
[BlackElo "2040"]
[EventDate "2012.10.12"]
[PlyCount "71"]

1.c4 e5 2.g3 Nc6 3.Bg2 g6 4.Nc3 Bg7 5.d3 Nge7 6.Bd2 d6 7.Rb1 f5 8.b4 f4 9.
Nf3 O-O 10.b5 Nd4 11.Nxd4 exd4 12.Ne4 d5 13.cxd5 Nxd5 14.O-O b6 15.Qb3 Be6
16.Qc4 Qe7 17.Qc6 Rae8 18.Rbc1 Be5 19.Nc5 bxc5 20.Rxc5 Rd8 21.Bxd5 Rf6 22.
Bxe6+ Rxe6 23.Rxe5 Rxe5 24.Bxf4 Rxe2 25.Bxc7 Rc8 26.Qd5+ Qf7 27.Qxf7+ Kxf7
28.b6 axb6 29.Bxb6 Rxa2 30.Bxd4 Rd8 31.Be3 Rxd3 32.Rb1 Rd7 33.Rb6 Ra1+ 34.
Kg2 Rad1 35.Bf4 R1d5 36.h4 1/2-1/2

[Event "21st Panam-ch"]
[Site "Mar del Plata ARG"]
[Date "2012.10.21"]
[Round "11.42"]
[White "Villegas, Franco"]
[Black "Tapie Amione, Pablo Adib"]
[Result "1-0"]
[WhiteElo "1852"]
[BlackElo "2240"]
[EventDate "2012.10.12"]
[PlyCount "89"]

1.e4 c5 2.Nf3 Nc6 3.d4 cxd4 4.Nxd4 Qb6 5.Nb3 Nf6 6.Nc3 e6 7.Be3 Qc7 8.a3 
a6 9.Be2 Be7 10.f4 d6 11.Bf3 O-O 12.O-O Rb8 13.Qe2 b5 14.g4 Re8 15.Qg2 b4 
16.axb4 Nxb4 17.g5 Nd7 18.h4 Bf8 19.h5 Nb6 20.g6 Nc4 21.gxh7+ Kxh7 22.Nd1 
Nxe3 23.Nxe3 Nxc2 24.Nxc2 Rxb3 25.Rab1 Qb6+ 26.Qf2 Qxf2+ 27.Kxf2 Bd7 28.
Nd4 Rb4 29.Nc2 Rb5 30.Nd4 Rb4 31.Nc2 Rc4 32.Ne3 Rd4 33.Rfd1 Rb4 34.Nc2 Rb6
35.Ne3 Reb8 36.Nc4 Rc6 37.Be2 Rb4 38.Ne5 dxe5 39.Rxd7 Rxe4 40.Bd3 f5 41.
Bxe4 fxe4 42.fxe5 Rc5 43.Rh1 Kg8 44.h6 gxh6 45.Rg1+ 1-0

[Event "21st Panam-ch"]
[Site "Mar del Plata ARG"]
[Date "2012.10.21"]
[Round "11.43"]
[White "Maldonado, Federico"]
[Black "Rioseco Pinochet, Fernan"]
[Result "0-1"]
[WhiteElo "1973"]
[BlackElo "2236"]
[EventDate "2012.10.12"]
[PlyCount "78"]

1.d4 Nf6 2.c4 g6 3.Nc3 Bg7 4.e4 O-O 5.Be3 d6 6.f3 Nc6 7.Nge2 a6 8.Qd2 Rb8 
9.h4 h5 10.Bh6 b5 11.Bxg7 Kxg7 12.cxb5 axb5 13.Ng3 e5 14.d5 Nd4 15.Nce2 c5
16.dxc6 Nxc6 17.Nc3 b4 18.Nb5 d5 19.Rc1 Rb6 20.Qg5 Be6 21.Be2 Kh7 22.O-O 
dxe4 23.fxe4 Ng4 24.Bxg4 Qxg5 25.hxg5 hxg4 26.b3 Kg7 27.Nc7 Nd4 28.Nxe6+ 
Nxe6 29.Rc4 Nxg5 30.Rd1 Ne6 31.Rd5 f6 32.Ra5 Rd8 33.Nf1 Rd1 34.Kf2 Nd4 35.
Ne3 Rd2+ 36.Kg3 Rd3 37.Ra7+ Kh6 38.Kxg4 Rxe3 39.Rc6 Rxe4+ 0-1

[Event "21st Panam-ch"]
[Site "Mar del Plata ARG"]
[Date "2012.10.21"]
[Round "11.44"]
[White "Hernandez Amura, Gilberto"]
[Black "Batista, Gerson Peres"]
[Result "0-1"]
[WhiteElo "1851"]
[BlackElo "2233"]
[EventDate "2012.10.12"]
[PlyCount "70"]

1.d4 g6 2.Nf3 Bg7 3.e4 c5 4.dxc5 Qa5+ 5.c3 Qxc5 6.Be3 Qc7 7.Be2 Nc6 8.O-O 
Nf6 9.Nbd2 O-O 10.Nd4 d5 11.Nxc6 bxc6 12.Qc2 e5 13.Rad1 Be6 14.exd5 cxd5 
15.f4 Ng4 16.Bxg4 Bxg4 17.Rc1 Rac8 18.Qa4 Bh6 19.g3 Bh3 20.Rfe1 exf4 21.
Bxf4 Bxf4 22.Qxf4 Qb6+ 23.Qf2 Qxb2 24.Nf3 Qa3 25.Qd2 Qc5+ 26.Kh1 Bg4 27.
Ne5 Bf5 28.h3 Rfe8 29.Qf4 Qc7 30.Kh2 f6 31.Nf3 Qxf4 32.gxf4 Rxe1 33.Nxe1 
Rc4 34.Nf3 Rxf4 35.Kg3 Re4 0-1

[Event "21st Panam-ch"]
[Site "Mar del Plata ARG"]
[Date "2012.10.21"]
[Round "11.45"]
[White "Estrada Nieto, Julian"]
[Black "Baeta, Marcio Netto"]
[Result "1-0"]
[WhiteElo "2310"]
[BlackElo "2101"]
[EventDate "2012.10.12"]
[PlyCount "55"]

1.e4 e5 2.Nf3 Nc6 3.Bb5 Nf6 4.Qe2 Be7 5.c3 d6 6.O-O Bg4 7.h3 Bd7 8.d4 O-O 
9.Rd1 Qe8 10.Bc4 Bd8 11.Re1 Na5 12.Bd3 c5 13.d5 b5 14.Nbd2 c4 15.Bc2 Bb6 
16.Nf1 Nh5 17.g4 f6 18.gxh5 Qxh5 19.Ng3 Qxh3 20.Be3 Bd8 21.Qf1 Qg4 22.Qg2 
Nb7 23.a4 Bb6 24.axb5 Nc5 25.Nf5 Bxf5 26.exf5 Qh5 27.Nd2 Rae8 28.Nxc4 1-0